000 00963nam a22002657a 4500
005 20240530110441.0
008 150420s2012 ua g cb 001 0 ara d
017 _a2011/21524
_bمصر . دار الكتب المصرية
020 _a9772328550
040 _aEG-CaGPL
082 0 4 _221
_a811.009\
_bع ت
100 0 _aعبدالسلام السيد حامد
245 1 0 _aتفسير الشعر عند ابن جنى /
_cعبدالسلام السيد حامد
250 _aط1
260 _aالقاهرة :
_bعالم الكتب ،
_c2012 .
300 _a302 ص ؛
_c24 سم +
_eملاحق
504 _aببليوجرافية : ص 283 -295
600 0 4 _aابن جنى
650 0 4 _aالشعر العربى
_xتاريخ ونقد
650 0 4 _aالنحو
_xان واخواتها
650 0 4 _aالنحو
_xكان واخواتها
650 0 4 _aاللغة العربية
_xالنحو
942 _2ddc
_cBK
999 _c61059
_d61059